000
00370nam a2200169Ia 4500
008
180424s9999 xx 000 0 und d
084
_a
T2 M6
100
_a
"Mohan, R"
245
0
_a
Pathuppattu
250
_a
\\200400TAMGPMX
260
_a
NCBH
260
_b
2004
260
_c
Madras
300
_a
180p.
500
_a
includes index and biblioraphy
942
_c
BK
999
_c
72874
_d
72874